000 00624nam a22001935i 4500
001 157481
003 ES-MaACL
005 20230906210715.0
008 040827s1842 gw |||| | eng d
040 _aCAM
_bspa
_cCAM
100 1 _aLytton, Edward Bulwer Lytton
_cBaron.
_974965
245 1 0 _aPaul Clifford /
_cby sir Edward Bulwer Lytton, Bart.
260 _aLeipzig :
_bBernhard Tauchnitz,
_c1842.
300 _aVIII, 476 p. ;
_c16 cm.
490 1 _aCollection of british authors ;
_v7
830 0 _aCollection of british authors ;
_v7
_9180703
852 _aES-MaACL
_jG-12208
_z-- Enc. hol.
999 _c157481
_d157481